Bohyne na Žítkovej

Podrobná bibliografia
Hlavný autor: Dúbravský, Ferdinand, 1850-1926 (Autor)
Médium: Kniha
Jazyk:neznámy jazyk
Fyzický popis:39 s.
Vydavateľské údaje: Uhor. Skalica Jozef Tešlík [1910]

MARC

LEADER 00000nam a2200000 a 4500
001 vtls001357190
003 SK-MaSNL
005 20260301114955.0
008 240314s1910 xx 0 und
035 |a SNK000310683 
040 |a SNK  |b slo  |c SNK  |e AACR2 
041 0 |a und 
044 |a xx 
100 1 |a Dúbravský, Ferdinand,  |d 1850-1926  |4 aut  |9 112750 
245 1 0 |a Bohyne na Žítkovej 
260 |a Uhor. Skalica  |b Jozef Tešlík  |c [1910] 
300 |a 39 s. 
958 |a ONDV 
999 |c 720458  |d 722388 
952 |t P60, <04>, [BOOK], {604}  |a SNK  |b SNK  |y VYP  |7 0  |p 17A0184554  |o snkSC 937 D1  |0 0  |1 0  |4 0  |d 1999-03-09  |l 0  |r 2005-01-02 00:00:00  |w 2026-02-23 
952 |a SNK  |b SNK  |y PREZ  |7 0  |p 17A0715367  |o snkSC 937  |0 0  |1 0  |4 0  |d 2011-11-14  |l 0  |r 2025-06-04 00:00:00  |w 2026-02-23 
952 |a SNK  |b SNK  |y VYP  |7 0  |p 17A0409033  |o snkSC 937 D2  |i snkD 1699/73  |8 1  |0 0  |1 0  |4 0  |d 2004-01-08  |l 0  |r 2005-01-02 00:00:00  |w 2026-02-23